English Ending Stress Pattern - Statistiques

Statistiques générales
  • Ce quiz a été pris 36 fois
  • Le résultat moyen est 7 sur 21
Statistiques - réponses
Hint Réponse % Correct
-id -10
63%
-iscence -10
63%
-it -10
50%
-ish -10
50%
-osis -10
50%
2 Syllable verb -01
38%
-ic -10
38%
-CiCV -10
38%
2 Syllable noun -10
38%
-itis -10
38%
ator (3 syllables ) -10
38%
- eous / ious
( forming one syllable )
-10
38%
-ise / ize -10
25%
-ous / eous / ious / uous -100
25%
-ically -1000
25%
ator (+ 3 syllables ) -1000
25%
-ee / -eer / -ese / -oo / -oon
/-ette / -esque / -ade
-01
13%
-escence -10
13%
-ity -100
13%
-icism -1000
13%
-ate -100
0%
Aucun quiz correspondant
Distribution des résultats
% des personnes avec chaque résultat
Percentile par nombre de réponses
Votre historique - résultats
Vous n’avez pas pris ce quiz